Statistics for Most Common Surnames in Benelux

Click here to take the quiz!

General Stats

  • This quiz has been taken 6 times
  • The average score is 9 of 30

Answer Stats

England% Correct
Willems
67%
De Vries
50%
Jansen
50%
Janssen
50%
Muller
50%
Bakker
33%
Claes
33%
De Jong
33%
De Smet
33%
Jacobs
33%
Janssens
33%
Maes
33%
Mertens
33%
Peeters
33%
Schmit
33%
Schmitz
33%
Smit
33%
Van Dijk
33%
Visser
33%
Goossens
17%
Hoffmann
17%
Klein
17%
Meyer
17%
Schroeder
17%
Thill
17%
Van de Berg
17%
Wagner
17%
Weber
17%
Wouters
17%
Reuter
0%

Score Distribution

Percentile by Number Answered

Percent of People with Each Score

Your Score History

You have not taken this quiz